| 000 | 00429nam a2200133Ia 4500 | ||
|---|---|---|---|
| 008 | 191111s9999 xx 000 0 und d | ||
| 020 | _a9789719804192 | ||
| 100 | _aPerdigon, Grace P. | ||
| 245 |
_cGrace P. Perdigon.-- _aFood service management in the philippines / |
||
| 250 | _a2nd ed | ||
| 260 |
_aQuezon City : _bC & E Publishing, Inc. _c2016 |
||
| 300 | _axiii, 211 pages. | ||
| 650 | _aFood service management -- Philippines | ||
| 999 |
_c362575 _d362575 |
||